| 000 | 00465ntaaa2200181 4500 | ||
|---|---|---|---|
| 003 | 01 | ||
| 005 | 20251027203014.0 | ||
| 008 | 0714s1973 ag 01 | ||
| 040 |
_aAR-BaBN _bspa _cAR-BaBN _eaacr _dRIC |
||
| 082 | _a301.0300 F15 | ||
| 100 |
_aFairchild, Henry Pratt _931113 |
||
| 245 | _aDiccionario de Sociología | ||
| 250 | _a2 ed. | ||
| 260 |
_aMéxico : _bFondo de Cultura Económica, _cc1960 |
||
| 300 | _axv, 317 p | ||
| 650 |
_asociología _9341 |
||
| 942 | _cBK | ||
| 999 |
_c25491 _d25491 |
||